000 00460nam a22001697a 4500
999 _c41785
_d41785
003 OSt
005 20221109122100.0
008 221109b ||||| |||| 00| 0 eng d
020 _a9788127248673
040 _coclc
082 _a575.1
_bSIN/G
100 _98319
_aSingh, B D
245 _aGenetics /
_cB D Singh
260 _aNew Delhi:
_bKalyani Publishers,
_c2016.
300 _a823 p
942 _2ddc
_cBK
_h575.1
_iSIN/G
_k575.1
_mSIN/G